000 00457nam a2200169Ia 4500
008 240428s9999||||xx |||||||||||||| ||und||
020 _a0813325528
041 _aeng
082 _a321.8E
100 _aFischer, Mary Ellen (ed.)
245 0 _aEstablishing Democracies
260 _bWestview Press
_aColorado:
_c1996
300 _avii, 312p: tabs;
650 _aEstablishing Democracies - Democratic Systems - Democratization
942 _cBK
999 _c243
_d243